| 000 | 00557nam a2200193 a 4500 | ||
|---|---|---|---|
| 005 | 20240924064251.0 | ||
| 008 | 991125s1976 es 000 0 spa u | ||
| 020 | _a8429413723 | ||
| 035 | _aUPN01000014198 | ||
| 049 | _aCG | ||
| 050 | 4 |
_aLB1027 _bW3.38 |
|
| 100 | 1 | _aWeeler, D. K. | |
| 245 | 1 | 3 |
_aEl desarrollo del currículum escolar / _cD. K. Weeler ; tr. Carmen Aragó López. |
| 260 |
_aMadrid : _bSantillana, _c1976. |
||
| 300 | _a343 p | ||
| 440 | 0 |
_aAula XXI. _pSantillana ; _v7 |
|
| 650 | 4 |
_aEducación _vPlanes y programas _96413 |
|
| 905 | _aLibro | ||
| 999 |
_c14198 _d14198 |
||